| 000 | 00782nam a2200205 u 4500 | ||
|---|---|---|---|
| 005 | 20240924063837.0 | ||
| 008 | 150427s1995 es r 000 0 spa d | ||
| 020 | _a8492081800 | ||
| 035 | _aUPN01000203073 | ||
| 049 | _aUNE | ||
| 050 | 4 |
_aLC5209 _bC6.2 |
|
| 111 | 2 |
_aCongreso Internacional de Educación de Adultos _n(1o : _d1993 : _cGranada, España) _940278 |
|
| 245 | 1 | 3 |
_aLa educación de adultos : _bsituación actual y perspectivas de futuro / _ccoord. José Antonio Ortega Carrillo. |
| 260 |
_aGranada, Esp. : _bUniversidad de Granada : _bUNESCO, _c1995. |
||
| 300 |
_a271 p. : _bil., cuadros |
||
| 500 | _a"Fundación Educación y Futuro" | ||
| 650 | 4 |
_aEducación de adultos _vCongresos _914542 |
|
| 700 | 1 |
_aOrtega Carrillo, José Antonio, _ecoord. _940277 |
|
| 905 | _aLibro | ||
| 999 |
_c175174 _d175174 |
||